Problèmes actuels de boochimie appliquée : troisième série (Record no. 41508)

MARC details
000 -LEADER
fixed length control field 00547 a2200241 4500
037 ## - SOURCE OF ACQUISITION
Source of stock number/acquisition 3, Achat
037 ## - SOURCE OF ACQUISITION
Stock number S 29568
037 ## - SOURCE OF ACQUISITION
Stock number S 29559
037 ## - SOURCE OF ACQUISITION
Stock number S 29569
100 ## - VEDETTE PRINCIPALE - NOM DE PERSONNE
Personal name dir., Girard, Maurice
100 ## - VEDETTE PRINCIPALE - NOM DE PERSONNE
Language of a work Fr
260 ## - PUBLICATION, DISTRIBUTION, ETC. (IMPRINT)
Place of publication, distribution, etc Paris
260 ## - PUBLICATION, DISTRIBUTION, ETC. (IMPRINT)
Name of publisher, distributor, etc Masson et Cie
245 ## - TITLE STATEMENT
Title Problèmes actuels de boochimie appliquée : troisième série
260 ## - PUBLICATION, DISTRIBUTION, ETC. (IMPRINT)
Date of publication, distribution, etc 1970
300 ## - PHYSICAL DESCRIPTION
Extent 242 p
300 ## - PHYSICAL DESCRIPTION
Other physical details 24cm
630 ## - SUBJECT ADDED ENTRY--UNIFORM TITLE
Uniform title 57 - Biologie
650 ## - SUBJECT ADDED ENTRY--TOPICAL TERM
Topical term or geographic name as entry element 5 - SCIENCES EXACTES ET NATURELLES
650 ## - SUBJECT ADDED ENTRY--TOPICAL TERM
Topical term or geographic name as entry element Biochimie
Holdings
Withdrawn status Lost status Damaged status Not for loan Location (home branch) Sublocation or collection (holding branch) Date acquired Koha issues (times borrowed) Koha full call number Koha date last seen Price effective from Koha item type
        Bibliothèque Universitaire Centrale Bibliothèque Universitaire Centrale 28/02/2009   577.1 PRO 28/02/2009 28/02/2009 Livre


© 2008, Bibliothèques de l'Université d'Abomey-Calavi

04 BP 789 Cotonou, Tél. : +229 21 36 01 01, Fax : +229 21 35 06 32

Courriel : bu@bu.uac.bj